5HLuxD.jpg

KING HENRY VIII SENIOR AND PRIMARY SCHOOL LIBRARY OPAC

Extreme fires and floods / (Record no. 1325)

000 -LEADER
fixed length control field 01496cam a2200361 i 4500
001 - CONTROL NUMBER
control field 19486720
003 - CONTROL NUMBER IDENTIFIER
control field OSt
005 - DATE AND TIME OF LATEST TRANSACTION
control field 20221228125004.0
008 - FIXED-LENGTH DATA ELEMENTS--GENERAL INFORMATION
fixed length control field 170208s2018 mnuab j 001 0 eng c
010 ## - LIBRARY OF CONGRESS CONTROL NUMBER
LC control number 2017002403
020 ## - INTERNATIONAL STANDARD BOOK NUMBER
International Standard Book Number 9781512432213 (lb : alk. paper)
040 ## - CATALOGING SOURCE
Original cataloging agency PSt/DLC
Language of cataloging eng
Transcribing agency PSt
Description conventions rda
Modifying agency DLC
-- KH8
042 ## - AUTHENTICATION CODE
Authentication code pcc
082 00 - DEWEY DECIMAL CLASSIFICATION NUMBER
Classification number 363.37 FAR
Edition number 23
100 1# - MAIN ENTRY--PERSONAL NAME
Personal name Farndon, John,
Relator term author.
245 10 - TITLE STATEMENT
Title Extreme fires and floods /
Statement of responsibility, etc. by John Farndon.
264 #1 - PRODUCTION, PUBLICATION, DISTRIBUTION, MANUFACTURE, AND COPYRIGHT NOTICE
Place of production, publication, distribution, manufacture Minneapolis :
Name of producer, publisher, distributor, manufacturer Hungry Tomato,
Date of production, publication, distribution, manufacture, or copyright notice [2018]
300 ## - PHYSICAL DESCRIPTION
Extent 32 pages :
Other physical details color illustrations, color maps ;
Dimensions 24 cm.
336 ## - CONTENT TYPE
Content type term text
Source rdacontent
337 ## - MEDIA TYPE
Media type term unmediated
Source rdamedia
338 ## - CARRIER TYPE
Carrier type term volume
Source rdacarrier
490 0# - SERIES STATEMENT
Series statement When nature attacks
500 ## - GENERAL NOTE
General note Includes index.
520 ## - SUMMARY, ETC.
Summary, etc. "Explore the devastation left behind by fires and floods though these dramatic stories. Clear text emphasizes scientific efforts to better understand how to prepare for and prevent fires and floods, while appropriately high-impact visuals keep readers engaged"--
Assigning source Provided by publsher.
521 1# - TARGET AUDIENCE NOTE
Target audience note 008-012.
521 2# - TARGET AUDIENCE NOTE
Target audience note Grade 4 to 6.
650 #0 - SUBJECT ADDED ENTRY--TOPICAL TERM
Topical term or geographic name entry element Wildfires
Form subdivision Juvenile literature.
650 #0 - SUBJECT ADDED ENTRY--TOPICAL TERM
Topical term or geographic name entry element Floods
Form subdivision Juvenile literature.
776 08 - ADDITIONAL PHYSICAL FORM ENTRY
Relationship information Online version:
Main entry heading Farndon, John, author.
Title Extreme fires and floods
Place, publisher, and date of publication Minneapolis : Hungry Tomato, [2017]
International Standard Book Number 9781512450040
Record control number (DLC) 2017007014
906 ## - LOCAL DATA ELEMENT F, LDF (RLIN)
a 7
b cbc
c orignew
d 1
e ecip
f 20
g y-gencatlg
942 ## - ADDED ENTRY ELEMENTS (KOHA)
Source of classification or shelving scheme
Koha item type Books - Non Ficton
Holdings
Withdrawn status Lost status Source of classification or shelving scheme Damaged status Not for loan Collection code Permanent Location Current Location Shelving location Date acquired Total Checkouts Full call number Barcode Date last seen Date last checked out Price effective from Koha item type
          Non-Fiction KH8 Primary School Library KH8 Primary School Library Non Fiction 2022-12-28 9 363.37 FAR KHPL000003103 2025-12-05 2025-01-17 2022-12-28 Books - Non Ficton

Powered By KH8 IT Dept